<?xml version="1.0" encoding="UTF-8"?>
<record
    xmlns:xsi="http://www.w3.org/2001/XMLSchema-instance"
    xsi:schemaLocation="http://www.loc.gov/MARC21/slim http://www.loc.gov/standards/marcxml/schema/MARC21slim.xsd"
    xmlns="http://www.loc.gov/MARC21/slim">

  <leader>01185nam a22002297a 4500</leader>
  <controlfield tag="001">8687</controlfield>
  <controlfield tag="003">FISKH</controlfield>
  <controlfield tag="005">20251010112707.0</controlfield>
  <controlfield tag="008">251010b        cb ||||| |||| 00| 0 eng d</controlfield>
  <datafield tag="020" ind1=" " ind2=" ">
    <subfield code="a">9781107613805</subfield>
  </datafield>
  <datafield tag="040" ind1=" " ind2=" ">
    <subfield code="a">FISKH</subfield>
    <subfield code="b">eng</subfield>
    <subfield code="c">FISKH</subfield>
    <subfield code="d">FISKH</subfield>
  </datafield>
  <datafield tag="082" ind1=" " ind2=" ">
    <subfield code="a">428.0071</subfield>
  </datafield>
  <datafield tag="100" ind1=" " ind2=" ">
    <subfield code="a">Linse, Caroline </subfield>
  </datafield>
  <datafield tag="245" ind1=" " ind2=" ">
    <subfield code="a">Cambridge global English stage 2 learner's book /</subfield>
    <subfield code="c">Caroline Linse and Elly Schottman</subfield>
  </datafield>
  <datafield tag="260" ind1=" " ind2=" ">
    <subfield code="a">New York : </subfield>
    <subfield code="b">Cambridge, </subfield>
    <subfield code="c">2014.</subfield>
  </datafield>
  <datafield tag="300" ind1=" " ind2=" ">
    <subfield code="a">144  pages : </subfield>
    <subfield code="b">color illustrations ; </subfield>
    <subfield code="c">28 cm</subfield>
  </datafield>
  <datafield tag="520" ind1=" " ind2=" ">
    <subfield code="a">The Cambridge Global English Stage 2 Learner's Book with Audio CD is part of a six-level primary course designed for young learners of English as a second language. This book provides core input for Stage 2, featuring nine thematic units that conclude with an engaging project and opportunities for self-assessment. Each unit comprises six lessons centered around a unifying theme, incorporating a variety of texts&#x2014;factual, fictional, dialogues, and poetry&#x2014;to enhance language skills.</subfield>
  </datafield>
  <datafield tag="650" ind1=" " ind2=" ">
    <subfield code="a">Cambridge Curriculum </subfield>
    <subfield code="v">Thematic Learning</subfield>
    <subfield code="x"> Language Development  </subfield>
  </datafield>
  <datafield tag="700" ind1=" " ind2=" ">
    <subfield code="a">Schottman, Elly </subfield>
    <subfield code="e">Author </subfield>
  </datafield>
  <datafield tag="942" ind1=" " ind2=" ">
    <subfield code="2">ddc</subfield>
    <subfield code="c">BK</subfield>
    <subfield code="n">0</subfield>
  </datafield>
  <datafield tag="999" ind1=" " ind2=" ">
    <subfield code="c">8687</subfield>
    <subfield code="d">8687</subfield>
  </datafield>
  <datafield tag="952" ind1=" " ind2=" ">
    <subfield code="0">0</subfield>
    <subfield code="1">0</subfield>
    <subfield code="2">ddc</subfield>
    <subfield code="4">0</subfield>
    <subfield code="7">0</subfield>
    <subfield code="8">REF</subfield>
    <subfield code="a">001</subfield>
    <subfield code="b">001</subfield>
    <subfield code="c">LSHTK</subfield>
    <subfield code="d">2025-10-10</subfield>
    <subfield code="l">0</subfield>
    <subfield code="o">LIN 428.0071 PZ7 </subfield>
    <subfield code="p">2025-4532</subfield>
    <subfield code="r">2025-10-10 11:27:04</subfield>
    <subfield code="t">1</subfield>
    <subfield code="w">2025-10-10</subfield>
    <subfield code="y">BK</subfield>
  </datafield>
</record>
